| 000 | 01368nam0a2200373 4500 | ||
|---|---|---|---|
| 001 | RU\NLR\bibl\359079 | ||
| 005 | 20260407073353.0 | ||
| 010 |
_a5-85201-354-4 _92000 |
||
| 021 |
_aRU _b2002-54756 _92662 |
||
| 035 | _a(NLR Aleph) 000353706 | ||
| 090 |
_a292025 _c292025 |
||
| 100 | _a20030109d2002 |||y0rusy50 ca | ||
| 101 | 0 | _arus | |
| 102 | _aRU | ||
| 105 | _aa ||||||||| | ||
| 200 | 1 |
_aКнига доброты _f[Междунар. ассоц. дет. фондов, Рос. дет. фонд _gСост. К. П. Скопина] |
|
| 210 |
_aМ. _cЖурн. "Шк. роман-газ." _cДетство. Отрочество. Юность _d2002 |
||
| 215 |
_a623 с. _cил. _d30 |
||
| 606 | 0 |
_aДетские дома семейные _jСборники _91336062 _3RU\NLR\auth\66241415 |
|
| 610 | 0 | _aДетские дома семейные | |
| 675 |
_a376.1-058.862(470) _v3 _zrus |
||
| 686 |
_a14.29 _2rugasnti |
||
| 686 |
_a74.24 _2rubbk |
||
| 686 | _aЧ491.051 | ||
| 686 | _aЧ421(2)719.2 | ||
| 686 | _aУ27(2)68я43 | ||
| 702 | 1 |
_aСкопина _bК. П. _4220 |
|
| 712 | 0 | 2 |
_4570 _aМеждународная ассоциация детских фондов _3RU\NLR\AUTH\8810037220 _9573160 |
| 801 | 0 |
_aRU _bRKP _c20030109 _gPSBO |
|
| 801 | 1 |
_aRU _bRKP _c20030109 |
|
| 801 | 2 |
_aRU _bNLR _c20030213 _grcr |
|
| 942 | _cBOOK | ||
| 980 | _aNB | ||